| 000 | 00830nam a2200193 i 4500 | ||
|---|---|---|---|
| 001 | 165370 | ||
| 003 | ES-MaACL | ||
| 005 | 20231229063052.0 | ||
| 008 | 990906s1893 sp |||| | spa d | ||
| 100 | 1 |
_aSilvela, Francisco, _d1845-1905 _9106425 |
|
| 245 | 1 | 0 | _aDictamen de los letrados Francisco Silvela, Aureliano Linares Rivas y Manuel García Prieto [a consulta de la Compañía de Ferrocarriles de Puerto Rico]. |
| 260 |
_aMadrid : _b[s.n.], _c1893 ( _fImp. y Enc. de L. Miñón é Hijos) |
||
| 300 |
_a31 p. ; _c23 cm. |
||
| 700 | 1 |
_aLinares Rivas, Aureliano. _972354 |
|
| 700 | 1 |
_aGarcía Prieto, Manuel. _955137 |
|
| 710 | 2 |
_aCompañía de Ferrocarriles de Puerto Rico. _9134291 |
|
| 852 |
_aES-MaACL _jT-1291-F-3 _z- Enc. hol. conservando cub. original _z- Enc. en un vol. facticio |
||
| 999 |
_c165370 _d165370 |
||